| 000 | 00970nam0a22002651 4500 | ||
|---|---|---|---|
| 001 | rc\4632658 | ||
| 005 | 20250612135049.0 | ||
| 021 |
_aRU _b[65-63475] |
||
| 035 | _a(NLR Aleph) 008680588 | ||
| 090 |
_a9176420 _c9176420 |
||
| 100 | _a20130416d1965 |||y0rusy50 ca | ||
| 101 | 0 | _arus | |
| 102 | _aRU | ||
| 105 | _ay z ||||| | ||
| 200 | 1 | _aУчастие профсоюзов в подготовке кадров | |
| 210 |
_a[Москва] _cПрофиздат _d1965 |
||
| 215 |
_a48 с. _d20 |
||
| 606 |
_aСовхозы-техникумы _yМолдавская ССР _2psbo |
||
| 606 |
_aПрофсоюзная работа среди рабочих и служащих сельского хозяйства и заготовок _yМолдавская ССР _2psbo |
||
| 700 | 1 |
_aСидоренко _bС.С. _gСергей Степанович |
|
| 801 | 0 |
_aRU _bNLR _gpsbo |
|
| 801 | 1 |
_aRU _bELAR _2rusmarc |
|
| 852 |
_aNLR _j65-4/12951 |
||
| 942 | _cBOOK | ||
| 980 | _aNB | ||